Sparring partners / (Record no. 374292)
[ view plain ]
| 000 -LEADER | |
|---|---|
| fixed length control field | 01778pam a2200409 i 4500 |
| 001 - CONTROL NUMBER | |
| control field | BK0029213116 |
| 005 - DATE AND TIME OF LATEST TRANSACTION | |
| control field | 20220608162741.0 |
| 008 - FIXED-LENGTH DATA ELEMENTS--GENERAL INFORMATION | |
| fixed length control field | 220302s2022 nyu 000 1 eng d |
| 010 ## - LIBRARY OF CONGRESS CONTROL NUMBER | |
| LC control number | bl2022008887 |
| 020 ## - INTERNATIONAL STANDARD BOOK NUMBER | |
| International Standard Book Number | 9780385549325 : HRD |
| Terms of availability | 28.95 |
| 020 ## - INTERNATIONAL STANDARD BOOK NUMBER | |
| International Standard Book Number | 0385549326 : HRD |
| Terms of availability | 28.95 |
| Qualifying information | hc. |
| 037 ## - SOURCE OF ACQUISITION | |
| Source of stock number/acquisition | Random House Inc, Attn Order Entry 400 Hahn rd, Westminster, MD, USA, 21157 |
| Note | SAN 201-3975 |
| 040 ## - CATALOGING SOURCE | |
| Original cataloging agency | NjBwBT |
| Language of cataloging | eng |
| Transcribing agency | NjBwBT |
| Description conventions | rda |
| Modifying agency | NjBwBT |
| -- | GCmBT |
| -- | NjBwBT |
| 050 14 - LIBRARY OF CONGRESS CALL NUMBER | |
| Classification number | PS3557.R5355 |
| Item number | A6 2022 |
| 082 04 - DEWEY DECIMAL CLASSIFICATION NUMBER | |
| Classification number | 813/.54 |
| Edition number | 23/eng/20220224 |
| 092 ## - LOCALLY ASSIGNED DEWEY CALL NUMBER (OCLC) | |
| Classification number | 813.5400 |
| 100 1# - MAIN ENTRY--PERSONAL NAME | |
| Personal name | Grisham, John, |
| Relator term | author. |
| 240 10 - UNIFORM TITLE | |
| Uniform title | <a href="Novellas.">Novellas.</a> |
| Form subheading | Selections |
| 245 10 - TITLE STATEMENT | |
| Title | Sparring partners / |
| Statement of responsibility, etc | John Grisham. |
| 250 ## - EDITION STATEMENT | |
| Edition statement | First edition. |
| 264 #1 - Production, Publication, Distribution, Manufacture, and Copyright Notice. | |
| Place of production, publication, distribution, manufacture | New York : |
| Name of producer, publisher, distributor, manufacturer | Doubleday, |
| Date of production, publication, distribution, manufacture, or copyr | [2022] |
| 300 ## - PHYSICAL DESCRIPTION | |
| Extent | 306 pages ; |
| Dimensions | 25 cm |
| 336 ## - Content Type | |
| Content type term | text |
| 337 ## - Media type | |
| Media type term | unmediated |
| 338 ## - Carrier type | |
| Carrier type term | volume |
| 505 0# - FORMATTED CONTENTS NOTE | |
| Formatted contents note | Homecoming -- Strawberry moon -- Sparring partners. |
| 520 ## - SUMMARY, ETC. | |
| Summary, etc | Jake Brigance is called upon to help his old friend, disgraced former attorney Mack Stafford, make his return; young death row inmate Cody Wallace has one final request just several hours before execution; two young attorney brothers, Kirk and Rusty Malloy, look to Diantha Bradshaw to help save their once prosperous firm which they inherited from their father. |
| 650 #0 - SUBJECT ADDED ENTRY--TOPICAL TERM | |
| Topical term or geographic name as entry element | Agency (Law) |
| Form subdivision | Fiction. |
| 650 #0 - SUBJECT ADDED ENTRY--TOPICAL TERM | |
| Topical term or geographic name as entry element | Prisoners |
| Form subdivision | Fiction. |
| 9 (RLIN) | 5686713 |
| 650 #0 - SUBJECT ADDED ENTRY--TOPICAL TERM | |
| Topical term or geographic name as entry element | Law firms |
| Form subdivision | Fiction. |
| 9 (RLIN) | 5730138 |
| 650 #0 - SUBJECT ADDED ENTRY--TOPICAL TERM | |
| Topical term or geographic name as entry element | Brothers |
| Form subdivision | Fiction. |
| 9 (RLIN) | 5674799 |
| 650 #0 - SUBJECT ADDED ENTRY--TOPICAL TERM | |
| Topical term or geographic name as entry element | Families |
| Form subdivision | Fiction. |
| 9 (RLIN) | 5674501 |
| 655 #7 - INDEX TERM--GENRE/FORM | |
| Genre/form data or focus term | Legal fiction (Literature) |
| Source of term | lcgft |
| 9 (RLIN) | 5713024 |
| 655 #7 - INDEX TERM--GENRE/FORM | |
| Genre/form data or focus term | Novellas. |
| Source of term | lcgft |
| 9 (RLIN) | 5707601 |
| 700 12 - ADDED ENTRY--PERSONAL NAME | |
| Personal name | Grisham, John. |
| Title of a work | Homecoming. |
| 9 (RLIN) | 6449387 |
| 700 12 - ADDED ENTRY--PERSONAL NAME | |
| Personal name | Grisham, John. |
| Title of a work | Strawberry moon. |
| 9 (RLIN) | 6449388 |
| Withdrawn status | Lost status | Source of classification or shelving scheme | Damaged status | Not for loan | Collection code | Home library | Current library | Shelving location | Date acquired | Source of acquisition | Total Checkouts | Total Renewals | Full call number | Barcode | Date last seen | Date checked out | Cost, replacement price | Price effective from | Koha item type |
|---|---|---|---|---|---|---|---|---|---|---|---|---|---|---|---|---|---|---|---|
| Dewey Decimal Classification | Fiction | Wasatch County Library | Wasatch County Library | First Floor | 08/22/2022 | Donation | 15 | 12 | F Grisham | 34301002023754 | 11/03/2025 | 10/31/2025 | 28.95 | 08/22/2022 | BOOK |
